Get real : a philosophical adventure in virtual reality
Saved in:
| Main Author: | |
|---|---|
| Format: | Book |
| Language: | English |
| Published: |
Lanham, Md. :
Rowman & Littlefield,
1998
|
| Subjects: | |
| Tags: |
Add Tag
No Tags, Be the first to tag this record!
|
MARC
| LEADER | 00000nam a2200000 i 4500 | ||
|---|---|---|---|
| 001 | 1/55312 | ||
| 008 | 070919s1998 eng d | ||
| 020 | |a 0-8476-8983-2 | ||
| 035 | |l 10090830 | ||
| 040 | |a GR-MY-UA |b gre |e aacr | ||
| 041 | 0 | |a eng | |
| 082 | 0 | |a 110 |2 (22) | |
| 100 | 1 | |a Zhai, Philip |d 1957- | |
| 245 | 1 | 0 | |a Get real : |b a philosophical adventure in virtual reality / |c Philip Zhai |
| 260 | |a Lanham, Md. : |b Rowman & Littlefield, |c 1998 | ||
| 300 | |a xix, 215 σ.; |c 24 εκ. | ||
| 504 | |a Περιλαμβάνει βιβλιογραφίες | ||
| 650 | 0 | 0 | |a Human-computer interaction. |
| 650 | 0 | 0 | |a Virtual reality. |
| 852 | |a INST |b RHODES |e 20070919 |h 110 ZHA |p 005400025802 |q 005400025802 |t BK |y 0 | ||
| 901 | |a BIBL4-2007-3 | ||
| 909 | |a Ρ |b 138908 | ||
| 922 | |a 4ΕΛΗ |b 200708 |c ΕΠΕΑΕΚ2/ΠΤΔΕ |d ΕΛΕΥΘΕΡΟΥΔΑΚΗΣ | ||
| 970 | |a ΜΙΣΣΟΣ |b ΣΤΑΥΡΟΣ |z 2007/09/19 | ||